000 00782nam a2200229 a 4500
001 000023197
005 20200930022043.0
008 101130s1983 sp r 000 0 spa d
020 _a8424908732
040 _aDO-SdBNP
_bspa
_cBNPHU
041 1 7 _aspa
_hgrc
_2Código de idiomas MARC
082 _annnn
_bP766h
100 1 _aPolibio,
_941179
245 1 0 _aHistorias :
_blibros XVI-XXXIX /
_cPolibio ; introducciones, traducción y notas de Manuel Balasch Recort.
260 _aMadrid :
_bGredos,
_c1983.
300 _av ;
_c20 cm.
490 1 _aBiblioteca clásica Gredos
_v58
504 _aIncluye referencias bibliográficas y notas al pie de las páginas.
700 1 _aBalasch Recort, Manuel,
_etr.
_947751
830 0 _aBiblioteca clásica Gredos ;
_v58
_98642
049 _aBNGR
999 _c22694
_d22694